| 000 | 00506nam a2200181Ia 4500 | ||
|---|---|---|---|
| 008 | 230917s9999||||xx |||||||||||||| ||und|| | ||
| 020 | _cRS795 | ||
| 040 |
_e234960 _aMAIN |
||
| 041 | _aEnglish | ||
| 082 | _a005.1 P926S(8) | ||
| 100 | _aPressman, Roger S | ||
| 245 | 0 | _asoftware engineering: A practitioner's approach | |
| 250 | _a8th ed. | ||
| 260 |
_aNew Delhi _bMcgraw Hill Education (India) _c2015 |
||
| 300 | _a941 p. | ||
| 500 | _a2395 30/09/2016 HBD16/6693 14/10/2016 UIET (SFS) | ||
| 942 | _cBK | ||
| 999 |
_c19257 _d19257 |
||